|
|
|
|
| LEADER |
00000cam a2200000 7i4500 |
| 001 |
0000070295 |
| 005 |
20170215.0 |
| 008 |
170215 |
| 020 |
|
|
|a 9789670506555
|
| 090 |
0 |
0 |
|a 297.648
|b JOH
|
| 100 |
0 |
|
|a Dr Hj Johari Bin Haji Alias
|
| 245 |
1 |
0 |
|a 200 wasiat & nasihat khulafa ar-Rasyidin
|c Dr Haji Johari Bin Haji Alias
|
| 260 |
|
|
|a Johor :
|b Pustaka Azhar ,
|c 2016
|
| 300 |
|
|
|a 169 p :
|b 18.5cm
|
| 650 |
|
0 |
|a Caliphs
|
| 650 |
|
0 |
|a Muhammad,Prophet,
|x 632
|z companions
|
| 999 |
|
|
|a 0001434845
|b Book
|c Adult Collection
|e Cawangan Bukit Gambir
|
| 999 |
|
|
|a 0001434846
|b Book
|c Adult Collection
|e Cawangan Bandar Tenggara
|
| 999 |
|
|
|a 0001434847
|b Book
|c Adult Collection
|e Cawangan Segamat
|
| 999 |
|
|
|a 0001434848
|b Book
|c Adult Collection
|e Cawangan Tangkak
|
| 999 |
|
|
|a 0001434849
|b Book
|c Adult Collection
|e Cawangan Mersing
|
| 999 |
|
|
|a 0001434850
|b Book
|c Adult Collection
|e Cawangan Pontian
|
| 999 |
|
|
|a 0001434851
|b Book
|c Adult Collection
|e Cawangan Taman Sri Lambak
|
| 999 |
|
|
|a 0001434852
|b Book
|c Adult Collection
|e Cawangan Muar
|
| 999 |
|
|
|a 0001434853
|b Book
|c Adult Collection
|e Cawangan Batu Pahat
|
| 999 |
|
|
|a 0001434854
|b Book
|c Adult Collection
|e Cawangan Sri Merlong
|
| 999 |
|
|
|a 0001434855
|b Book
|c Adult Collection
|e Cawangan Tmn. Ungku Tun Aminah
|
| 999 |
|
|
|a 0001434856
|b Book
|c Adult Collection
|e Cawangan Kota Tinggi
|
| 999 |
|
|
|a 0001434857
|b Book
|c Adult Collection
|e Cawangan Bandar Penawar
|
| 999 |
|
|
|a 0001438493
|b Book
|c Adult Collection
|e Perbadanan Perpustakaan Awam Johor
|
| 999 |
|
|
|a 0001438495
|b Book
|c Adult Collection
|e Cawangan Urban Transformation Centre
|
| 999 |
|
|
|a 0001458800
|b Book
|c Adult Collection
|e Cawangan Pontian
|
| 999 |
|
|
|a 0001458802
|b Book
|c Adult Collection
|e Cawangan Tmn. Ungku Tun Aminah
|
| 999 |
|
|
|a 0001458803
|b Book
|c Adult Collection
|e Cawangan Bandar Penawar
|
| 999 |
|
|
|a 0001458804
|b Book
|c Adult Collection
|e Cawangan Tangkak
|
| 999 |
|
|
|a 0001458805
|b Book
|c Adult Collection
|e Cawangan Segamat
|
| 999 |
|
|
|a 0001458806
|b Book
|c Adult Collection
|e Perbadanan Perpustakaan Awam Johor
|